1969 1338 1205 1304 1255 1620 1733 1793 1531 1147 1102 1221 1182 1161 1600 1534 1637 1337 1813 1142 1448 1782 1142 1329 1061 1019 1914 1042 1291 1578 1630 1460 1983 1107 1439 1865 1012 1068 1221 1828 1874 1447 1088 1884 1694 1270 1572 1590 1528 1351 1948 1855 1862 1114 1320 1366 1790 1982 1303 1257 1325 1321 1258 1453 1609 1753 1019 1516 1530 1965 1572 1044 1144 1239 1890 1445 1023 1112 1678 1067 1369 1843 1428 1270 1989 1809 1565 1922 1879 1157 1656 1983 1368 1962 1661 1332 1850 1418 1534 BCNSPRNW ULIB Ver.6.0+V

เปลี่ยนเป็นภาษาไทย

Change to English
 แสดงรายละเอียดบรรณานุกรม
  กลับหน้าหลัก

Brief Record : Get Marc (ISO 2709) : E-mail record : QR code < ปิดหน้าต่าง
LEADER : 00000nam 2200000uu 4500
001    13399127838
003     ULIB
008    211011s||||||||th 000 0 tha d
020    ^a9786165729369
060    ^aWS130^bพ242ท
100 0  ^aพรเทพ ตั่นเผ่าพงษ์
245 0  ^aท้องร่วงเรื้อรังในเด็ก/^cพรเทพ ตั่นเผ่าพงษ์
246 0  ^aChronic diarrhea in children
260    ^aกรุงเทพฯ:^bโรงพยาบาลรามาธิบดี,^c2563
300    ^a296 หน้า:^bภาพประกอบ
650    ^aท้องร่วง^xเด็ก
650    ^aท้องร่วง^xในวัยทารกและวัยเด็ก
700 0  ^aพรเทพ ตั่นเผ่าพงษ์
945    ^p590^l0^i28964
945    ^p590^l0^i28965
999    ^aกัณชพร จุลอักษร
รายการนี้ยังไม่มีแท็ก
คุณยังไม่ได้ล็อกอิน คุณสามารถมีกิจกรรมร่วมกับเว็บไซต์ได้ แต่ต้องล็อกอินก่อน ::
  ล็อกอิน

รายการสื่อสารสนเทศ

ลำดับที่ ประเภท เลขเรียก/บาร์โค้ด สถานที่ สถานะ
1. หนังสือสำรอง
หนังสือสำรอง
WS130 พ242ท ฉ.1 
  Barcode: 28964
ห้องสมุดวิทยาเขตนครสวรรค์
►หนังสือทั่วไป:l:General Books
บนชั้น
2. วิทยาศาสตร์การแพทย์ และสุขภาพ
วิทยาศาสตร์การแพทย์ และสุขภาพ
WS130 พ242ท ฉ.2 
  Barcode: 28965
ห้องสมุดวิทยาเขตนครสวรรค์
►หนังสือทั่วไป:l:General Books
บนชั้น

รายการใกล้เคียง
    ผู้แต่ง [พรเทพ ตั่นเผ่าพงษ์]

BibComment


ยังไม่เคยถูกคอมเมนท์

คอมเมนท์ทรัพยากรรายการนี้
  คอมเมนท์: ท้องร่วงเรื้อรัง..


 Copyright 2026. Bcnsprnw @Library